000
00310nam a22001337a 4500
008
181102b xxu||||| |||| 00| 0 eng d
020
_a
9781587781865
041
_a
eng
080
_a
341
100
_a
15
101
_a
JUR
245
_a
The Forms And Fuctions Tort Law
_c
Abrahan.k.s
942
_2
udc
_c
BK
999
_c
51698
_d
51698